Statistics for Music Quiz 2018

Click here to take the quiz!

General Stats

  • This quiz has been taken 162 times
  • The average score is 8 of 15

Answer Stats

HintAnswer% Correct
7 RINGSAriana Grande
100%
THANK U, NEXTAriana Grande
100%
NEW RULESDua Lipa
89%
SICKO MODETravis Scott
77%
SHALLOWLady Gaga
76%
WITHOUT MEHalsey
58%
NOTHING BREAKS LIKE A HEARTMiley Cyrus
58%
YOU SHOULD SEE ME IN A CROWNBillie Eilish
54%
DON'T CALL ME UPMabel
47%
ALL THE STARSKendrick Lamar
46%
APES**TBeyonce
30%
LEMONRihanna
27%
ZEROImagine Dragons
8%
MAKE ME FEELJanelle Monae
8%
PLAYJax Jones
6%

Score Distribution

Percentile by Number Answered

Percent of People with Each Score

Your Score History

You have not taken this quiz